000 00753cam a22002294a 4500
001 12928823
005 20180119035725.0
008 020913s2002 wiua 001 0 eng
010 _a 2002014828
020 _a0634030191 (alk. paper)
040 _aDLC
_cDLC
_dDLC
041 _aeng
042 _apcc
080 _a621.38932 MEN
082 0 0 _a621.38932 MEN
_221
100 1 _a40
101 _aMED
245 1 4 _aThe desktop studio :
_cEmile D. Menasché.
906 _a7
_bcbc
_corignew
_d1
_eecip
_f20
_gy-gencatlg
942 _2ddc
_cBK
999 _c40528
_d40528